Т. 6: Бассейн Карского моря (западная часть); вып.0-3: Река Обь и ее бассейн до устья р. Иртыша; Гидрологический ежегодник, 1977 г.

গ্রন্থ-পঞ্জীর বিবরন
Parent link:Гидрологический ежегодник, 1977 г./ Государственный комитет СССР по гидрометеорологии и контролю природной среды. Т. 6: Бассейн Карского моря (западная часть); Вып.0-3: Река Обь и ее бассейн до устья р. Иртыша.— : [Б. и.], 1979
সংস্থা লেখক: Западно-Сибирский региональный научно-исследовательский гидрометеорологический институт
অন্যান্য লেখক: Попова Ж. С. (редактор)
ভাষা:রুশ
প্রকাশিত: 1979
বিষয়গুলি:
বিন্যাস: গ্রন্থ
KOHA link:https://koha.lib.tpu.ru/cgi-bin/koha/opac-detail.pl?biblionumber=125142

MARC

LEADER 00000nam0a2200000 4500
001 125142
005 20231101215919.0
020 |a RU  |b 79-43598 
035 |a (RuTPU)RU\TPU\book\135417 
035 |a RU\TPU\book\126010 
090 |a 125142 
100 |a 20071110g1979 km y0rusy5003 ca 
101 0 |a rus 
102 |a RU 
105 |a y z 000zy 
200 0 |a Т. 6: Бассейн Карского моря (западная часть); вып.0-3: Река Обь и ее бассейн до устья р. Иртыша  |f Западно-Сибирский региональный научно-исследовательский гидрометеорологический институт; под ред. Ж. С. Поповой 
210 |d 1979 
215 |a 314 с. 
461 |t Гидрологический ежегодник, 1977 г.  |f Государственный комитет СССР по гидрометеорологии и контролю природной среды  |v Т. 6: Бассейн Карского моря (западная часть); Вып.0-3: Река Обь и ее бассейн до устья р. Иртыша  |n [Б. и.]  |d 1979 
610 1 |a гидрометеорология 
610 1 |a гидрометеорологические наблюдения 
610 1 |a СССР 
610 1 |a 20 век 
610 1 |a Карское море 
675 |a 551.46/49  |z rus  |v 3 
702 1 |a Попова  |b Ж. С.  |4 340 
712 0 2 |a Западно-Сибирский региональный научно-исследовательский гидрометеорологический институт  |2 stltpush  |3 (RuTPU)RU\TPU\col\11540  |9 25165 
801 0 |a RU  |b RuMRKP  |c 19950704  |g psbo 
801 1 |a RU  |b 63413507  |c 20070522  |g PSBO 
801 2 |a RU  |b 63413507  |c 20081212  |g PSBO 
942 |c BK